| 000 | 00616cam a22002053a 4500 | ||
|---|---|---|---|
| 001 | 44953 | ||
| 003 | PGUSA | ||
| 005 | 20140828084027.0 | ||
| 008 | 140218s2014||||xxu|||||s|||||000 | eng d | ||
| 040 |
_aPGUSA _beng |
||
| 042 | _adc | ||
| 245 | 1 | 0 |
_aPunch, or the London Charivari, Vol. 109, July 6, 1895 _h[electronic resource] / _cVarious |
| 260 |
_bProject Gutenberg, _c2014 |
||
| 506 | _aPublic domain in the USA. | ||
| 516 | _aElectronic text | ||
| 700 | 1 |
_aBurnand, F. C. _q(Francis Cowley), _d1836-1917 |
|
| 830 | 0 |
_aProject Gutenberg _v44953 |
|
| 856 | 4 | 0 | _uhttp://www.gutenberg.org/ebooks/44953 |
| 942 | _cEB | ||
| 999 |
_c274204 _d274204 |
||